| 000 | nkm a22 a 4500 | ||
|---|---|---|---|
| 999 |
_c210700 _d210700 |
||
| 003 | BLK | ||
| 005 | 20210217083505.0 | ||
| 008 | 180412b bul rap|r|||| r0| ||bulo| | ||
| 010 | _aKNG00169008000 | ||
| 040 | _aBLK | ||
| 041 |
_aBUL _cBUL |
||
| 080 |
_aЖивопис - художници _b75.071.1 _x(497.2)(092) _z75.071.1(497.2)(092) |
||
| 080 |
_aБълг. живописец пейзажист(1913-2001) _b929 Попов, Йордан Михайлов _z929 Попов, Йордан Михайлов |
||
| 139 |
_aПавлов, Георги _bП 76 |
||
| 245 | 1 | 0 |
_aЙордан Попов _cпредставен от Георги Павлов; Йордан Михайлов Попов. |
| 257 | _aBGR | ||
| 260 |
_bБълг. художник _c1977 _aСофия |
||
| 300 |
_a32 с., 16 л. _bрепрод. _c27 см |
||
| 380 | _a7 | ||
| 490 | 1 | _aБиблиотека Съвременна българска живопис | |
| 500 | _aРез. на рус., фр., нем., англ. - 1 120 тир. | ||
| 600 | 1 | 4 |
_aПопов, Йордан Михайлов _9311739 |
| 650 | 4 |
_aХудожници, български - албуми _9290224 |
|
| 651 | 4 |
_aБългария _9241624 |
|
| 653 | _aбългарски художници | ||
| 653 | _aпейзажи | ||
| 700 | 1 |
_aПавлов, Георги _eпредставен от _9381731 |
|
| 700 | 1 |
_aПопов, Йордан Михайлов _9311739 |
|
| 852 |
_aЦб ІІ 26589 _bЦб |
||
| 856 | 4 |
_qpdf _u |
|
| 856 | 4 |
_qpdf _u |
|
| 942 |
_cGRA _n0 _s1 |
||
| 944 |
_aCR _c18.12.2014 _l18.12.2014 - от С1,Р / 18.12.2014 _kКамелия_Данева |
||
| 944 |
_aED _c18.12.2014 _l18.12.2014 - от С1,Р / 18.12.2014 |
||
| 999 | _d210700 | ||